Words And Their Ways In English Speeh (Record no. 3499)

MARC details
000 -LEADER
fixed length control field 00404nam a2200145Ia 4500
008 - FIXED-LENGTH DATA ELEMENTS--GENERAL INFORMATION
fixed length control field 211109s9999||||xx |||||||||||||| ||und||
082 ## - DEWEY DECIMAL CLASSIFICATION NUMBER
Classification number 428
Item number GRE-W
100 ## - MAIN ENTRY--PERSONAL NAME
Personal name Grenough, James Bradstreet
245 #0 - TITLE STATEMENT
Title Words And Their Ways In English Speeh
260 ## - PUBLICATION, DISTRIBUTION, ETC.
Name of publisher, distributor, etc. MACMILLAN INDIA LIMITED
Place of publication, distribution, etc. DELHI
Date of publication, distribution, etc. 1920
300 ## - PHYSICAL DESCRIPTION
Extent 430p.
630 ## - SUBJECT ADDED ENTRY--UNIFORM TITLE
General subdivision General Stack
650 ## - SUBJECT ADDED ENTRY--TOPICAL TERM
Topical term or geographic name entry element Standard English usage
942 ## - ADDED ENTRY ELEMENTS (KOHA)
Koha item type BOOK
650 ## - SUBJECT ADDED ENTRY--TOPICAL TERM
General subdivision English
Holdings
Withdrawn status Lost status Damaged status Not for loan Home library Current library Date acquired Cost, normal purchase price Total Checkouts Full call number Barcode Shelving location Date last seen Price effective from Koha item type
        SB LIBRARY SB LIBRARY 09/11/2021 100.00   428 GRE-W 00003840 GENERAL STACK 09/11/2021 09/11/2021 BOOK

Powered by Koha